000 00363nam a2200145Ia 4500
008 230917s9999||||xx |||||||||||||| ||und||
040 _e46676
_aMAIN
041 _aEnglish
082 _a822.33 S15N:S
100 _aNarasimhaiah, C D, ed.
245 0 _aShakespeare come to India
260 _aBombay
_bPopular Parkashan
_c1964
300 _a142 p.
942 _cBK
999 _c105140
_d105140